Riconosci gli Stati dal satellite - Quiz n°16 - Statistics

Statistiche generali
  • Questo quiz è stato fatto 6 volte
  • Il punteggio medio è 7 su 10
Statistiche sulle risposte
con Immagini Risposta % Corretto
Australia
100%
Stati Uniti d'America
100%
Sudafrica
100%
Filippine
83%
Namibia
67%
Venezuela
67%
Vietnam
67%
Siria
50%
Palau
17%
Tonga
17%
Nessun quiz corrispondente trovato
Distribuzione punteggi
Percentuale di utenti per punteggio
Percentile per numero di risposta
I tuoi punteggi nel tempo
Non hai fatto questo quiz